00453nam a2200145Ia 4500008004100000020001800041082001400059100003600073245002100109260001000130500001700140942000700157952012800164999001500292260604s9999 xx 000 0 und d a9780805098990 a813.6 BRO aHenry Holt & Company Inc935326 0aThe Wolf Keepers bSHREE aWolf Keepers cBK 00104070aIIMVbIIMVcGENERALd2026-06-04g599.00l0o813.6 BROp003723r2026-06-04 10:18:58v599.00w2026-06-04yBKBBRO c8105d8105